| 000 | 00502nam a22001337a 4500 | ||
|---|---|---|---|
| 005 | 20241216094029.0 | ||
| 008 | 240926b |||||||| |||| 00| 0 eng d | ||
| 100 |
_aFarinas, Augusto F. _eauthor. _961731 |
||
| 245 |
_aUnderstanding your own learning style / _cAugusto F. Farinas. |
||
| 260 |
_aPhilippines: _bPublishers Association of the Philippines, Inc., _cSeptember 2018. |
||
| 300 |
_aVolume 66, pages 146-147, _billustration. |
||
| 700 |
_aFarinas, Augusto F. _eauthor. _961732 |
||
| 942 |
_2ddc _cPER |
||
| 999 |
_c21899 _d21899 |
||